000 00257nam a2200109Ia 4500
008 240625s9999 xx 000 0 und d
041 _aeng
082 _a658.4 KOC
100 _aKOCK NED
245 _aSYSTEMS ANALYSIS AND DESIGN FUNDAMENTALS
260 _c2008
999 _c34272
_d34272